LEADER 00797nam a2200205 4500 001 000000365854 003 CaOOAMICUS 005 20251219103118.0 008 251219s1989 it a 000 u ita r 040 $aSeMil$bita 245 10$aVol. 2 /$cRichard S. Westfall. 264 1$aTorino :$bEinaudi,$c1989. 300 $aP. 491-959 ;$c22 cm 773 0 $aWestfall, Richard Samuel <1924-1996>$tNewton.$dTorino : Einaudi, 1989.$kBiblioteca di cultura storica$z88-06-11564-2$g2$w()365849 850 $aSeMil 852 $aSeMil$W1$xVenegono$y1$m2LL II 30$j265594$B256656$CSeMilBibl$Z2$F256656 $81 961 $aBuzzi mons. Franco - Omaggio 996 $6245$aVol. 2$9(OLS)http://semarc/title/54073 996 $6264$aTorino :$bEinaudi$9(OLS)http://semarc/publisher/29884 LEADER 01642nam a2200265 4500 001 000000339428 003 CaOOAMICUS 005 20200826085251.0 008 200213s1852 it a 000 u ita r 040 $aSeMil$bita 100 11$aAntonacci, Pietro,$c.$0(OLS)http://semarc/name/110977 245 00$aManuale, ossia Compendio pratico di medicina, chirurgia e farmacia :$bper comodo delle missioni straniere /$cdi Pietro Antonacci. 250 $a4. ed. con importanti aggiunte fattevi dall'autore e con una nuova appendice sulla botanica 264 1$aRoma :$bCoi tipi della S. C. De Propaganda Fide,$c1852. 300 $a4 v. :$bill. ;$c17 cm 650 4$aFarmacologia - Opere anteriori al 1900.$0(OLS)http://semarc/subject/46325 650 4$aMedicina - Manuali - Opere anteriori al 1900.$0(OLS)http://semarc/subject/39867 774 0 $aAntonacci, Pietro $t1: Malattie mediche.$dRoma : Coi tipi della S. C. De Propaganda Fide, 1852.$w()339429 774 0 $aAntonacci, Pietro $t2: Malattie chirurgiche.$dRoma : Coi tipi della S. C. De Propaganda Fide, 1852.$w()339430 774 0 $aAntonacci, Pietro $t3: Farmacia.$dRoma : Coi tipi della S. C. De Propaganda Fide, 1852.$w()339433 774 0 $aAntonacci, Pietro $tCatechismo medico ragionato.$dRoma : Coi tipi della S. C. De Propaganda Fide, 1854.$w()341744 941 1 $a10 996 $6245$aManuale, ossia Compendio pratico di medicina, chirurgia e farmacia :$bper comodo delle missioni straniere$9(OLS)http://semarc/title/428237 996 $6264$aRoma :$bCoi tipi della S. C. De Propaganda Fide$9(OLS)http://semarc/publisher/41416